000
00341nam a22001457a 4500
008
210527b ||||| |||| 00| 0 eng d
020
_a
9780132635349
041
_a
eng
080
_2
2nd
_a
541
082
_a
541
100
_a
12
101
_a
KIM
245
_a
Elements of Chemical Reaction Engineering
_c
H. Scott Fogler
942
_2
udc
_c
BK
999
_c
57729
_d
57729